| 000 | 00998nam a2200253 u 4500 | ||
|---|---|---|---|
| 001 | 000003018 | ||
| 005 | 20200929150316.0 | ||
| 008 | 090706s1998 dr r 000 0 spa d | ||
| 040 |
_aDO-SdBNP _bspa _cBNPHU |
||
| 082 |
_a362.509729 _bC392o, 1998 |
||
| 100 | 1 |
_aCela, Jorge _97887 |
|
| 245 | 1 | 3 |
_aLa otra cara de la pobreza / _cJorge Cela. |
| 250 | _a2a ed. | ||
| 260 |
_aSanto Domingo : _bCentro de Estudios Sociales P. Juan Montalvo, _c1998. |
||
| 300 |
_a138 p. ; _c22 cm. |
||
| 490 | 0 |
_aCentro de Estudios Sociales Padre Juan Montalvo _v9 |
|
| 504 | _aIncluye referencias bibliográficas y notas al pie de las páginas | ||
| 590 | _aInventariado, 2018/BT | ||
| 650 | 4 |
_aPobreza _zRepública Dominicana _xCondiciones sociales _99568 |
|
| 650 | 4 |
_aPobreza _xPolítica gubernamental _zRepública Dominicana _99569 |
|
| 651 | 4 |
_aRepública Dominicana _xPolítica Social _92627 |
|
| 830 | 0 |
_aCentro de Estudios Sociales Padre Juan Montalvo _n9 _99570 |
|
| 910 | _aValidado. Control de calidad. MMOLINA | ||
| 999 |
_c2850 _d2850 |
||